[Event "AUT98_M-ch"]
[Site "Werfen"]
[Date "1998.08.13"]
[Round "6.25"]
[White "Obermayr, Hermann"]
[Black "Neihs, Harald"]
[Result "1-0"]
[WhiteElo "2160"]
[BlackElo "2180"]
[PlyCount "87"]
[EventDate "1998.08.15"]

1. d4 d5 2. Nf3 e6 3. Bf4 Be7 4. e3 f5 5. h3 Nf6 6. c3 c6 7. Nbd2 Nbd7 8. Ng5
Nf8 9. Be2 Ng6 10. Qc2 Nxf4 11. exf4 Qc7 12. g3 Bd7 13. Ngf3 c5 14. dxc5 Bxc5
15. Nb3 Bb6 16. Nbd4 Ne4 17. Qd1 O-O 18. O-O Rf6 19. Kg2 Rd8 20. Rc1 Qd6 21. h4
h6 22. Ne5 a6 23. f3 Nc5 24. Re1 Bc8 25. Qd2 Rff8 26. Bd1 Nd7 27. Nd3 Bxd4 28.
cxd4 Nb8 29. Nc5 Rfe8 30. Qc3 Re7 31. Ba4 b6 32. Nd3 Bd7 33. Bxd7 Rdxd7 34.
Qc8+ Rd8 35. Qc2 Rdd7 36. Qa4 b5 37. Qa5 Nc6 38. Qxa6 Nxd4 39. Rc8+ Kh7 40. Qa8
Nxf3 41. Kxf3 Ra7 42. Rh8+ Kg6 43. Qf8 d4 44. h5+ 1-0

[Event "AUT98_M-ch"]
[Site "Werfen"]
[Date "1998.08.14"]
[Round "7.1"]
[White "Stanec, Nikolaus"]
[Black "Wach, Markus"]
[Result "1-0"]
[WhiteElo "2495"]
[BlackElo "2395"]
[PlyCount "79"]
[EventDate "1998.08.15"]

1. e4 c6 2. d4 d5 3. Nc3 dxe4 4. Nxe4 Nd7 5. Ng5 Ngf6 6. Bd3 e6 7. N1f3 Bd6 8.
Qe2 h6 9. Ne4 Nxe4 10. Qxe4 Nf6 11. Qe2 Qc7 12. Bd2 b6 13. O-O-O Bb7 14. Kb1 c5
15. dxc5 Qxc5 16. Be3 Qh5 17. Ba6 Bxf3 18. gxf3 Rd8 19. Bb5+ Ke7 20. Ba4 Bb8
21. Rde1 Rd6 22. Bd2 Nd7 23. Bc3 Nc5 24. Bb5 Rhd8 25. a3 f6 26. Rhg1 Kf8 27.
Rg2 e5 28. Reg1 g5 29. Re1 a5 30. Rgg1 Qh4 31. f4 Qxf4 32. Qh5 Kg7 33. Be8 Qf5
34. Qf7+ Kh8 35. Bxe5 Re6 36. Bc3 Be5 37. Bxe5 Rd2 38. Qf8+ Kh7 39. Bf7 Qxc2+
40. Ka1 1-0

[Event "AUT98_M-ch"]
[Site "Werfen"]
[Date "1998.08.14"]
[Round "7.2"]
[White "Baumegger, Siegfried"]
[Black "Weiss, Christian"]
[Result "1-0"]
[WhiteElo "2360"]
[BlackElo "2370"]
[PlyCount "69"]
[EventDate "1998.08.15"]

1. d4 Nf6 2. c4 e6 3. Nf3 b6 4. g3 Bb4+ 5. Bd2 Be7 6. Nc3 Bb7 7. Bg2 O-O 8. O-O
c5 9. d5 exd5 10. Nh4 Ne4 11. Nf5 Bf6 12. cxd5 Nxd2 13. Qxd2 g6 14. Nd6 Ba6 15.
f4 Bd4+ 16. Kh1 f5 17. Rfe1 Qf6 18. Ncb5 Bxb2 19. e4 Bxa1 20. e5 Qd8 21. Rxa1
Bxb5 22. Nxb5 Na6 23. Re1 Nc7 24. Nxc7 Qxc7 25. d6 Qd8 26. Qd5+ Kg7 27. e6 dxe6
28. Rxe6 Kh6 29. Bf3 Rb8 30. d7 Qc7 31. Rc6 Qd8 32. Qe5 b5 33. Re6 Qxd7 34. Re7
Qd4 35. g4 1-0

[Event "AUT98_M-ch"]
[Site "Werfen"]
[Date "1998.08.14"]
[Round "7.3"]
[White "Kummer, Helmut"]
[Black "Danner, Georg"]
[Result "1/2-1/2"]
[WhiteElo "2315"]
[BlackElo "2340"]
[PlyCount "133"]
[EventDate "1998.08.15"]

1. d4 f5 2. c4 g6 3. Nc3 Nf6 4. g3 Bg7 5. Bg2 O-O 6. Nf3 d6 7. O-O c6 8. Rb1
Na6 9. b4 Nc7 10. Bb2 Qe8 11. d5 cxd5 12. cxd5 Bd7 13. Qb3 Rc8 14. Rfe1 h6 15.
e4 fxe4 16. Nd2 Qf7 17. Ndxe4 Ng4 18. Rbd1 g5 19. f3 Ne5 20. Re3 Qh5 21. Ne2
Na8 22. Nc5 Nb6 23. Nxd7 Nbxd7 24. Nd4 Rf7 25. Ne6 Bh8 26. Bd4 Nc4 27. Rc3 b5
28. Bxh8 Kxh8 29. a4 a6 30. axb5 axb5 31. Nd4 Rcf8 32. Nxb5 Nce5 33. Nd4 Nf6
34. Ne6 Rb8 35. Rdc1 Nfd7 36. Rc8+ Rxc8 37. Rxc8+ Kh7 38. Qc2+ Qg6 39. Qxg6+
Kxg6 40. f4 gxf4 41. Nxf4+ Kf5 42. b5 Nc5 43. b6 Nc4 44. Rc6 Na5 45. Bf1 Ke4
46. Bb5 Rf8 47. Rc7 Rb8 48. Rxe7+ Kd4 49. Rh7 Rxb6 50. Be2 Ne4 51. Rxh6 Rb2 52.
Rh8 Nc4 53. Bxc4 Kxc4 54. Re8 Nc3 55. Re6 Nxd5 56. Rxd6 Rd2 57. Re6 Nxf4 58.
gxf4 Kd5 59. Rf6 Kd4 60. h4 Ke4 61. h5 Kf3 62. h6 Rg2+ 63. Kf1 Rh2 64. Ke1 Ke3
65. Kd1 Kd3 66. Kc1 Ke4 67. Kd1 1/2-1/2

[Event "AUT98_M-ch"]
[Site "Werfen"]
[Date "1998.08.14"]
[Round "7.4"]
[White "Hoelzl, Franz"]
[Black "Kwatschewsky, Leo "]
[Result "1/2-1/2"]
[WhiteElo "2410"]
[BlackElo "2275"]
[PlyCount "48"]
[EventDate "1998.08.15"]

1. d4 d5 2. Nf3 Nf6 3. c4 e6 4. g3 Be7 5. Bg2 O-O 6. O-O c6 7. Qc2 Nbd7 8. Nbd2
b6 9. e4 dxe4 10. Nxe4 Nxe4 11. Qxe4 Bb7 12. Rd1 Qc8 13. Qe2 Bf6 14. Ng5 c5 15.
Ne4 Bxe4 16. Qxe4 Bxd4 17. Qxa8 Qxa8 18. Bxa8 Rxa8 19. Be3 e5 20. Bxd4 cxd4 21.
Rac1 a5 22. Rc2 f6 23. b3 Kf7 24. a3 Ke6 1/2-1/2

[Event "AUT98_M-ch"]
[Site "Werfen"]
[Date "1998.08.14"]
[Round "7.5"]
[White "Herndl, Harald "]
[Black "Rolletschek, Heinrich "]
[Result "1/2-1/2"]
[WhiteElo "2375"]
[BlackElo "2300"]
[PlyCount "162"]
[EventDate "1998.08.15"]

1. d4 f5 2. c4 Nf6 3. g3 g6 4. Bg2 Bg7 5. Nh3 O-O 6. Nc3 d6 7. d5 c6 8. O-O e5
9. dxe6 Bxe6 10. Qd3 Na6 11. Rd1 Nc5 12. Qc2 Qe7 13. b3 Rad8 14. Nf4 Bf7 15.
Bb2 g5 16. Nd3 Nce4 17. Nxe4 fxe4 18. Ne1 Bg6 19. e3 Ng4 20. Rd2 Ne5 21. Qd1
Qe6 22. Bd4 Rd7 23. a4 d5 24. cxd5 Rxd5 25. Raa2 c5 26. Bxe5 Rxd2 27. Rxd2 Bxe5
28. Bf1 Qf6 29. Bc4+ Kh8 30. Qc2 Rd8 31. Ng2 Rxd2 32. Qxd2 Qd6 33. Qxd6 Bxd6
34. h4 h6 35. hxg5 hxg5 36. g4 Kg7 37. Bd5 b6 38. f4 exf3 39. Ne1 Kf6 40. Nxf3
Be8 41. Nd2 Bd7 42. Bf3 Ke6 43. Kf2 a6 44. Bb7 b5 45. a5 Ke5 46. Ne4 Be7 47.
Bxa6 Bc6 48. Nc3 b4 49. Nb1 Bd8 50. Nd2 Bd5 51. Bc4 Bxa5 52. Bxd5 Kxd5 53. Ke2
Bd8 54. Kd3 Be7 55. Nf3 Bf6 56. e4+ Ke6 57. Kc4 Kd6 58. e5+ Bxe5 59. Nxg5 Bh2
60. Nf3 Bf4 61. Ne1 Bd2 62. Nf3 Bc3 63. Ng1 Bd4 64. Ne2 Bf2 65. Nf4 Bg1 66. Nd3
Be3 67. Nb2 Ke5 68. Nd3+ Kd6 69. Ne1 Bd2 70. Nf3 Bc3 71. Kd3 Kd5 72. g5 Bg7 73.
g6 Ke6 74. Kc4 Kf5 75. Kxc5 Bf8+ 76. Kc4 Kxg6 77. Ne5+ Kf5 78. Nc6 Ke6 79. Nxb4
Kd6 80. Kb5 Kd7 81. Na6 Ba3 1/2-1/2

[Event "AUT98_M-ch"]
[Site "Werfen"]
[Date "1998.08.14"]
[Round "7.7"]
[White "Duer, Werner"]
[Black "Hardt, Christian"]
[Result "1/2-1/2"]
[WhiteElo "2310"]
[BlackElo "2135"]
[PlyCount "20"]
[EventDate "1998.08.15"]

1. d4 g6 2. Nf3 Bg7 3. c3 d6 4. Bg5 Nd7 5. e4 Ngf6 6. Nbd2 c6 7. Be2 O-O 8. O-O
Qc7 9. Re1 e5 10. dxe5 10... Nxe5 { } 1/2-1/2

[Event "AUT98_M-ch"]
[Site "Werfen"]
[Date "1998.08.14"]
[Round "7.8"]
[White "Schroll, Gerhard"]
[Black "Brandner, Stefan"]
[Result "0-1"]
[WhiteElo "2400"]
[BlackElo "2340"]
[PlyCount "32"]
[EventDate "1998.08.15"]

1. d4 g6 2. e4 Bg7 3. c3 d5 4. exd5 Nf6 5. c4 b5 6. Nc3 bxc4 7. Bxc4 O-O 8.
Nge2 Nbd7 9. O-O Nb6 10. Bb5 Nbxd5 11. Bc6 Rb8 12. Qa4 Qd6 13. Bxd5 Nxd5 14.
Qxa7 Ba6 15. Re1 Nxc3 16. bxc3 16... Rb7 { } 0-1

[Event "AUT98_M-ch"]
[Site "Werfen"]
[Date "1998.08.14"]
[Round "7.9"]
[White "Raffalt, Manfred"]
[Black "Schneider-Zinner, Harald"]
[Result "0-1"]
[WhiteElo "2180"]
[BlackElo "2300"]
[PlyCount "80"]
[EventDate "1998.08.15"]

1. d4 Nf6 2. c4 e6 3. Nc3 Bb4 4. e3 O-O 5. Nge2 d5 6. a3 Be7 7. Ng3 Nbd7 8.
cxd5 Nxd5 9. e4 N5b6 10. Be2 c5 11. d5 exd5 12. exd5 Nf6 13. Bf3 a6 14. O-O Qc7
15. Re1 Rd8 16. Qe2 Bd7 17. Bg5 Re8 18. Rad1 Nfxd5 19. Nxd5 Nxd5 20. Bxd5 Bxg5
21. Qh5 Rxe1+ 22. Rxe1 Qf4 23. Bxf7+ Qxf7 24. Qxg5 Re8 25. Rxe8+ Qxe8 26. h4 b6
27. h5 h6 28. Qf4 Qe6 29. Ne4 Qg4 30. Qb8+ Kh7 31. f3 Qe6 32. g4 Be8 33. Qc7 c4
34. Kf2 b5 35. Qc5 Bc6 36. Qb6 Qd5 37. Qe3 Qe5 38. Qe1 Qxb2+ 39. Kg3 Qe5+ 40.
Kh3 Bxe4 0-1

[Event "AUT98_M-ch"]
[Site "Werfen"]
[Date "1998.08.14"]
[Round "7.10"]
[White "Freitag, Manfred"]
[Black "Postl, Anton"]
[Result "0-1"]
[WhiteElo "2400"]
[BlackElo "2295"]
[PlyCount "68"]
[EventDate "1998.08.15"]

1. d4 Nf6 2. c4 g6 3. Nc3 Bg7 4. e4 d6 5. f3 O-O 6. Bg5 a6 7. Qd2 Nc6 8. d5 Ne5
9. f4 Ned7 10. Nh3 Nc5 11. Nf2 b5 12. cxb5 axb5 13. Qe3 b4 14. Ncd1 c6 15. dxc6
Qa5 16. Be2 b3+ 17. Nc3 Nfxe4 18. Nfxe4 Nxe4 19. Qxe4 Bf5 20. Qe3 Bxc3+ 21.
bxc3 b2 22. O-O bxa1=Q 23. Rxa1 Qa7 24. Kf2 Be6 25. a4 Bd5 26. Bb5 f6 27. Bh6
Rfc8 28. f5 Bxc6 29. Qxa7 Rxa7 30. Be3 Rb7 31. c4 gxf5 32. a5 Bxb5 33. cxb5
Rxb5 34. a6 e5 0-1

[Event "AUT98_M-ch"]
[Site "Werfen"]
[Date "1998.08.14"]
[Round "7.11"]
[White "Hebesberger, Thomas"]
[Black "Wittmann, Walter "]
[Result "0-1"]
[WhiteElo "2195"]
[BlackElo "2380"]
[PlyCount "93"]
[EventDate "1998.08.15"]

1. d4 Nf6 2. Nf3 g6 3. c4 Bg7 4. Nc3 d6 5. Bg5 c6 6. e3 Qa5 7. Qd2 h6 8. Bh4 g5
9. Bg3 Nh5 10. Be2 Nd7 11. O-O-O a6 12. Kb1 Ndf6 13. e4 Ng4 14. Rhf1 b5 15. h3
Nxg3 16. fxg3 b4 17. hxg4 bxc3 18. Qxc3 Qxc3 19. bxc3 Bxg4 20. Kc2 O-O 21. Rb1
c5 22. d5 Ra7 23. Rb6 f5 24. Bd3 f4 25. gxf4 Rxf4 26. Nh2 Rxf1 27. Nxf1 h5 28.
Ne3 Bd7 29. Kd2 Be5 30. Nf5 Kf7 31. Rb8 g4 32. Ke3 a5 33. Nh6+ Kg6 34. Ng8 Ba4
35. Bb1 h4 36. Bd3 Kg7 37. Be2 h3 38. gxh3 gxh3 39. Kf3 h2 40. Kg2 Bc2 41. Bf3
Bd3 42. Re8 Bxc4 43. Nxe7 Rb7 44. Nf5+ Kh7 45. Re6 Rb1 46. Rh6+ Kg8 47. Ne3 0-1

[Event "AUT98_M-ch"]
[Site "Werfen"]
[Date "1998.08.14"]
[Round "7.12"]
[White "Moser, Guenter "]
[Black "Hiermann, Dietmar"]
[Result "0-1"]
[WhiteElo "2355"]
[BlackElo "2205"]
[PlyCount "78"]
[EventDate "1998.08.15"]

1. Nf3 Nf6 2. g3 g6 3. Bg2 Bg7 4. O-O O-O 5. c4 d5 6. cxd5 Nxd5 7. Nc3 c5 8.
Qb3 e6 9. d3 Nc6 10. a3 b6 11. Bd2 Bb7 12. Rac1 Qd7 13. Rfd1 h6 14. Qa2 Nde7
15. e4 Rfd8 16. h3 Qe8 17. Be3 Rd7 18. Qb1 Qd8 19. b4 cxb4 20. axb4 Kh7 21. b5
Na5 22. Ne2 f5 23. Nf4 Qg8 24. g4 e5 25. Ne2 f4 26. Bd2 Nb3 27. Rc3 Nc5 28. Re1
Rad8 29. Nc1 Qe6 30. Ra3 a5 31. bxa6 Bxa6 32. d4 exd4 33. Bxf4 d3 34. Nd2 Nd5
35. Be3 Nxe3 36. Rxe3 Be5 37. Rxa6 Nxa6 38. Nxd3 Nc5 39. Nxe5 Rxd2 0-1

[Event "AUT98_M-ch"]
[Site "Werfen"]
[Date "1998.08.14"]
[Round "7.13"]
[White "Waldmann, Gerald"]
[Black "Titz, Heimo"]
[Result "0-1"]
[WhiteElo "2175"]
[BlackElo "2310"]
[PlyCount "90"]
[EventDate "1998.08.15"]

1. e4 c5 2. c3 d5 3. exd5 Qxd5 4. d4 Nf6 5. Nf3 e6 6. Bd3 Nc6 7. O-O Be7 8. Na3
cxd4 9. Nb5 Qd8 10. Nbxd4 Nxd4 11. Nxd4 O-O 12. Qe2 a6 13. Rd1 Qc7 14. Bg5 Re8
15. Re1 Bd7 16. Rad1 Rad8 17. Bb1 b5 18. Qd3 g6 19. Qg3 Qxg3 20. hxg3 Nd5 21.
Bxe7 Nxe7 22. f4 Bc8 23. Be4 Rd6 24. Rd2 Red8 25. Red1 f6 26. Kf2 e5 27. Nb3
Rxd2+ 28. Rxd2 Rxd2+ 29. Nxd2 exf4 30. gxf4 Kf7 31. Ke3 Ke6 32. Kd4 Kd6 33. c4
Nf5+ 34. Bxf5 Bxf5 35. c5+ Ke6 36. b4 h5 37. g3 Bh3 38. Ne4 Bg2 39. Nc3 Bc6 40.
Ne4 Kf5 41. Nc3 g5 42. fxg5 fxg5 43. Ke3 h4 44. gxh4 gxh4 45. Kf2 Ke5 0-1

[Event "AUT98_M-ch"]
[Site "Werfen"]
[Date "1998.08.14"]
[Round "7.14"]
[White "Neubauer, Martin "]
[Black "Genser, Harald"]
[Result "1-0"]
[WhiteElo "2305"]
[BlackElo "2155"]
[PlyCount "83"]
[EventDate "1998.08.15"]

1. g3 d5 2. Bg2 c6 3. Nf3 Bg4 4. h3 Bh5 5. d3 Nf6 6. Nbd2 Nbd7 7. O-O e5 8. e4
dxe4 9. dxe4 Bc5 10. Qe1 Bxf3 11. Bxf3 Qc7 12. a4 a5 13. Nc4 O-O 14. Bd2 b6 15.
Qe2 Bd4 16. c3 Bc5 17. Bg2 Rfe8 18. Kh1 Nf8 19. Rae1 Rad8 20. Bg5 Be7 21. Be3
N6d7 22. f4 f6 23. fxe5 fxe5 24. Qf2 Rb8 25. Qf7+ Kh8 26. Rf5 b5 27. axb5 cxb5
28. Nd2 Bd6 29. Ref1 Ng6 30. Qa2 Rf8 31. Nf3 h6 32. Rd1 Ne7 33. Rxf8+ Rxf8 34.
Nh4 Rf6 35. g4 Ng6 36. g5 hxg5 37. Bxg5 Nxh4 38. Bxh4 Rh6 39. Bg5 Rg6 40. h4
Nf6 41. Qe6 Bf8 42. Qf5 1-0

[Event "AUT98_M-ch"]
[Site "Werfen"]
[Date "1998.08.14"]
[Round "7.16"]
[White "Stichlberger, Martin "]
[Black "Petschar, Kurt"]
[Result "1-0"]
[WhiteElo "2113"]
[BlackElo "2260"]
[PlyCount "31"]
[EventDate "1998.08.15"]

1. Nc3 c5 2. d4 cxd4 3. Qxd4 Nc6 4. Qh4 d5 5. e4 dxe4 6. Bc4 Bf5 7. Bg5 Nf6 8.
Nge2 e6 9. Rd1 Qb8 10. Bxf6 gxf6 11. Ng3 Bb4 12. Nxf5 Bxc3+ 13. bxc3 exf5 14.
Qxf6 O-O 15. Rd5 Qc7 16. Rxf5 1-0

[Event "AUT98_M-ch"]
[Site "Werfen"]
[Date "1998.08.14"]
[Round "7.17"]
[White "Zoister, Stefan"]
[Black "Schumi, Manfred "]
[Result "0-1"]
[WhiteElo "2105"]
[BlackElo "2260"]
[PlyCount "46"]
[EventDate "1998.08.15"]

1. e4 c5 2. Nf3 d6 3. d4 cxd4 4. Nxd4 Nf6 5. Nc3 a6 6. Bd3 e5 7. Nb3 Be7 8. O-O
O-O 9. f4 b5 10. Be3 Ng4 11. Qe2 Nxe3 12. Qxe3 Nd7 13. Nd5 Bb7 14. c4 Bxd5 15.
exd5 exf4 16. Qh3 g6 17. cxb5 axb5 18. Rxf4 Bf6 19. Kh1 Bxb2 20. Raf1 Ne5 21.
Bxb5 Rxa2 22. R4f2 Qb6 23. Nc1 Ra3 0-1

[Event "AUT98_M-ch"]
[Site "Werfen"]
[Date "1998.08.14"]
[Round "7.18"]
[White "Kranewitter, Norbert"]
[Black "Roth, Peter"]
[Result "0-1"]
[WhiteElo "2180"]
[BlackElo "2275"]
[PlyCount "88"]
[EventDate "1998.08.15"]

1. e4 c5 2. Nf3 e6 3. d4 cxd4 4. Nxd4 Qb6 5. Nc3 Bc5 6. Na4 Qa5+ 7. c3 Bxd4 8.
Qxd4 Nf6 9. Nc5 Nc6 10. Qd6 b6 11. b4 Nxb4 12. Nb3 Nc2+ 13. Kd1 Qxc3 14. Bd2
Nxe4 15. Bxc3 Nxd6 16. Kxc2 f6 17. Be2 Bb7 18. Rhd1 Ne4 19. Bh5+ g6 20. Bf3 Rc8
21. Rd3 Ke7 22. Re1 f5 23. Kb2 Rxc3 24. Rxc3 Nxc3 25. Bxb7 Na4+ 26. Ka3 Nc5 27.
Bf3 Rc8 28. Nxc5 bxc5 29. Rb1 c4 30. Rb7 c3 31. Rb1 d5 32. Be2 e5 33. Kb3 d4
34. Kc2 Rc7 35. Rb4 Rd7 36. f3 h5 37. Kd3 Kf6 38. h4 Re7 39. a4 g5 40. a5 gxh4
41. a6 Rg7 42. Bf1 h3 43. gxh3 Rg1 44. Rb1 Kg5 0-1

[Event "AUT98_M-ch"]
[Site "Werfen"]
[Date "1998.08.14"]
[Round "7.19"]
[White "Hellmayr, Alois "]
[Black "Wiedner, Robert"]
[Result "1-0"]
[WhiteElo "2240"]
[BlackElo "2190"]
[PlyCount "127"]
[EventDate "1998.08.15"]

1. Nf3 g6 2. d4 Bg7 3. e4 d6 4. Nc3 Bg4 5. Be2 Nd7 6. Be3 e5 7. d5 Bxf3 8. Bxf3
h5 9. Qd2 Bh6 10. Be2 a6 11. g3 Bxe3 12. Qxe3 g5 13. O-O-O Qf6 14. Rdf1 Ne7 15.
h4 g4 16. f3 gxf3 17. Rxf3 Qh6 18. Qg5 f6 19. Qd2 Qxd2+ 20. Kxd2 Kf7 21. Bf1
Ng8 22. Bh3 Ke7 23. Nd1 Nc5 24. Ke3 a5 25. Nf2 Nh6 26. Nd3 Nxd3 27. cxd3 c5 28.
Rhf1 Raf8 29. a4 Rhg8 30. Be6 Rg6 31. Kf2 Rb8 32. Bf5 Nxf5 33. Rxf5 Rh6 34. Kg2
Rg8 35. Kh3 Rg4 36. Rxh5 Rxg3+ 37. Kxg3 Rxh5 38. Kg4 Rh8 39. Rf5 Rg8+ 40. Kf3
Kf7 41. Rh5 Kg6 42. Kg4 Rc8 43. b3 Rf8 44. Rf5 Kf7 45. Rf2 Rg8+ 46. Kh3 Rg1 47.
h5 Rd1 48. Rf3 Rb1 49. Rg3 Rf1 50. Kg2 Rf4 51. h6 Rh4 52. Rg7+ Kf8 53. Rd7 Rxh6
54. Rxd6 Ke7 55. Rb6 Rh4 56. Rxb7+ Ke8 57. Kf3 Rf4+ 58. Ke3 Rf1 59. Kd2 f5 60.
exf5 Rxf5 61. Rc7 Rf2+ 62. Kc3 Rf1 63. d6 e4 64. Kc4 1-0

[Event "AUT98_M-ch"]
[Site "Werfen"]
[Date "1998.08.14"]
[Round "7.20"]
[White "Steiner, Bruno"]
[Black "Grabher, Heinz"]
[Result "1/2-1/2"]
[WhiteElo "2185"]
[BlackElo "2285"]
[PlyCount "121"]
[EventDate "1998.08.15"]

1. e4 d5 2. exd5 Nf6 3. d4 Qxd5 4. Nc3 Qa5 5. Nf3 c6 6. Bc4 Bg4 7. h3 Bh5 8.
Bd2 Qd8 9. Bb3 e6 10. g4 Bg6 11. Qe2 Nbd7 12. O-O-O Be7 13. Ne5 Nxe5 14. dxe5
Nd5 15. f4 Qd7 16. Qf3 O-O-O 17. Nxd5 cxd5 18. f5 exf5 19. Ba5 Bg5+ 20. Kb1
fxg4 21. Qg3 b6 22. Rxd5 Qc6 23. Qxg4+ Kb8 24. Rdd1 bxa5 25. Qxg5 Rxd1+ 26.
Rxd1 Rc8 27. Qd2 Rc7 28. a3 Qc5 29. Ka1 Qxe5 30. Re1 Be4 31. Qd8+ Rc8 32. Qd7
f5 33. Be6 Rc5 34. Qe8+ Kb7 35. Rd1 Qf4 36. Rd7+ Rc7 37. Rxc7+ Kxc7 38. Qd7+
Kb6 39. Qd4+ Kc6 40. Bd5+ Kc7 41. Qxa7+ Kd8 42. Qxa5+ Qc7 43. Qa8+ Qc8 44. Bxe4
fxe4 45. Qxe4 Qxh3 46. Qd5+ Qd7 47. Qg8+ Kc7 48. Qxh7 g5 49. Qg6 g4 50. b3 Qd1+
51. Kb2 Qf3 52. a4 g3 53. a5 g2 54. Qb6+ Kd7 55. a6 Qc6 56. Qf2 Kc7 57. c4 Kb8
58. b4 Qxa6 59. Qf4+ Ka8 60. Qf8+ Ka7 61. Qf2+ 1/2-1/2

[Event "AUT98_M-ch"]
[Site "Werfen"]
[Date "1998.08.14"]
[Round "7.21"]
[White "Gerhold, Michael"]
[Black "Obermayr, Hermann"]
[Result "0-1"]
[WhiteElo "2265"]
[BlackElo "2160"]
[PlyCount "62"]
[EventDate "1998.08.15"]

1. e4 e6 2. d4 d5 3. Nc3 Nf6 4. e5 Nfd7 5. f4 c5 6. Nf3 Nc6 7. Be3 a6 8. Qd2
cxd4 9. Nxd4 Bc5 10. O-O-O Qc7 11. Kb1 Bb4 12. Bd3 Qa5 13. Nb3 Qc7 14. a3 Be7
15. Ne2 b5 16. Ned4 Nb6 17. Nxc6 Qxc6 18. Qf2 Na4 19. Bd4 a5 20. h4 b4 21. axb4
axb4 22. Rh3 Ba6 23. h5 Bc4 24. f5 Qa6 25. Kc1 Bg5+ 26. Be3 Bxe3+ 27. Rxe3 Nxb2
28. Rf1 Nxd3+ 29. Rxd3 Bxd3 30. fxe6 Qxe6 31. cxd3 O-O 0-1

[Event "AUT98_M-ch"]
[Site "Werfen"]
[Date "1998.08.14"]
[Round "7.22"]
[White "Wersching, Alfred"]
[Black "Pilaj, Herwig"]
[Result "0-1"]
[WhiteElo "2100"]
[BlackElo "2215"]
[PlyCount "60"]
[EventDate "1998.08.15"]

1. d4 Nf6 2. c4 c5 3. d5 b5 4. cxb5 a6 5. e3 axb5 6. Bxb5 Qa5+ 7. Nc3 Bb7 8.
Kf1 g6 9. Nge2 Na6 10. e4 Nc7 11. Bc4 d6 12. f3 Bg7 13. Bd2 O-O 14. Kf2 Qb6 15.
Re1 Ba6 16. Na4 Qa7 17. Rc1 Bxc4 18. Rxc4 Nd7 19. f4 f5 20. Bc3 Nf6 21. Bxf6
Bxf6 22. exf5 gxf5 23. Nac3 Rab8 24. b3 Nb5 25. Nxb5 Rxb5 26. a4 Rb6 27. Nc1
Bd4+ 28. Kg3 e5 29. dxe6 Qg7+ 30. Kf3 Qg4# 0-1

[Event "AUT98_M-ch"]
[Site "Werfen"]
[Date "1998.08.14"]
[Round "7.23"]
[White "Rogetzer, Klaus"]
[Black "Hinteregger, Arthur"]
[Result "1/2-1/2"]
[WhiteElo "2210"]
[BlackElo "2160"]
[PlyCount "94"]
[EventDate "1998.08.15"]

1. c4 Nf6 2. d4 g6 3. Nc3 Bg7 4. e4 d6 5. f3 O-O 6. Nge2 e5 7. Bg5 h6 8. Be3
exd4 9. Nxd4 Nc6 10. Be2 Re8 11. O-O Nh5 12. Qd2 Nxd4 13. Bxd4 Bxd4+ 14. Qxd4
Nf4 15. Rfd1 Qg5 16. Bf1 Be6 17. b3 h5 18. Kh1 h4 19. Rac1 b6 20. Rc2 Re7 21.
Rdc1 f6 22. Nd5 Rf7 23. Qd2 Nh5 24. Qxg5 fxg5 25. h3 a5 26. a3 Kf8 27. Rc3 Kg7
28. Re3 Re8 29. Rce1 Bxd5 30. cxd5 Kf6 31. Kg1 Ke5 32. Bc4 Ree7 33. Rc3 Ng3 34.
Kf2 Nh5 35. Ke3 Nf4 36. Bf1 Rg7 37. Rec1 Rgf7 38. Rc4 Rg7 39. R1c2 Rgf7 40. Rc6
Rg7 41. Ba6 Rgf7 42. Bc8 Rg7 43. b4 axb4 44. axb4 Rgf7 45. Ba6 Rg7 46. Bf1 Rgf7
47. Kd2 Nh5 1/2-1/2

[Event "AUT98_M-ch"]
[Site "Werfen"]
[Date "1998.08.14"]
[Round "7.24"]
[White "Senoner, Erich Jun"]
[Black "Neuschmied, Siegfried"]
[Result "1-0"]
[WhiteElo "2160"]
[BlackElo "2200"]
[PlyCount "83"]
[EventDate "1998.08.15"]

1. e4 d6 2. d4 Nf6 3. Nc3 g6 4. Be2 Bg7 5. Be3 c6 6. g4 Qa5 7. Bf3 h5 8. g5
Nfd7 9. Be2 O-O 10. f4 d5 11. e5 Nb6 12. Nf3 Na4 13. Qc1 c5 14. Bd2 cxd4 15.
Nxd4 Qb4 16. Ncb5 Qc5 17. Be3 a6 18. Nf5 Qb4+ 19. c3 Qe4 20. Ng3 Qg2 21. Rg1
Qxh2 22. Nc7 f6 23. gxf6 exf6 24. Nxh5 gxh5 25. exf6 Rxf6 26. Qd2 Qh4+ 27. Bf2
Qxf4 28. Qxf4 Rxf4 29. Nxa8 Nc6 30. Be3 Re4 31. Kd2 Bg4 32. Bd3 Rxe3 33. Kxe3
Nxb2 34. Kd2 Na4 35. Rab1 Bxc3+ 36. Kc1 Nb4 37. Be2 Nxa2+ 38. Kc2 Nb4+ 39. Kb3
b5 40. Bxg4 hxg4 41. Rxg4+ Kf7 42. Rxb4 1-0

[Event "AUT98_M-ch"]
[Site "Werfen"]
[Date "1998.08.15"]
[Round "8.1"]
[White "Baumegger, Siegfried"]
[Black "Stanec, Nikolaus"]
[Result "1-0"]
[WhiteElo "2360"]
[BlackElo "2495"]
[PlyCount "139"]
[EventDate "1998.08.15"]

1. d4 Nf6 2. c4 e6 3. g3 d5 4. Nf3 dxc4 5. Bg2 Nbd7 6. O-O a6 7. Nbd2 c5 8.
Nxc4 b5 9. Nce5 Nd5 10. Nxd7 Bxd7 11. Ne5 Rc8 12. e4 Nb6 13. Qh5 g6 14. Qf3 Qe7
15. dxc5 Rxc5 16. Be3 Rxe5 17. Bxb6 Rh5 18. Qc3 f6 19. Rfd1 Kf7 20. Bf3 Re5 21.
Bd4 b4 22. Qc7 Rb5 23. Be2 Be8 24. Qxe7+ Bxe7 25. Bxb5 Bxb5 26. Rac1 Rd8 27.
Bb6 Rxd1+ 28. Rxd1 b3 29. axb3 e5 30. Rc1 Ke6 31. f3 f5 32. Kf2 fxe4 33. fxe4
h5 34. Bc5 Bd8 35. Rd1 Bc7 36. Ke3 Kf6 37. Rd2 Ke6 38. Kf3 Bc6 39. b4 Bb5 40.
Rd1 Bc4 41. Ra1 Bb5 42. g4 hxg4+ 43. Kxg4 Bd8 44. Kf3 Bc7 45. Rg1 Kf6 46. Rg2
Kf7 47. Ke3 Bd8 48. Rf2+ Ke6 49. Rf8 Bg5+ 50. Kf3 Bc1 51. b3 Bh6 52. Rb8 Bd2
53. Rb6+ Kf7 54. Rd6 Bf4 55. Rb6 Bh6 56. Kg3 Bg5 57. Rb7+ Ke6 58. h4 Bd2 59.
Kf3 Be1 60. Rh7 Kf6 61. h5 gxh5 62. Rxh5 Bd2 63. Rh8 Kg7 64. Rb8 Kg6 65. Rb6+
Kf7 66. Rd6 Bg5 67. Kg4 Bf6 68. Kf5 Bg7 69. Rd2 Bf6 70. Bb6 1-0

[Event "AUT98_M-ch"]
[Site "Werfen"]
[Date "1998.08.15"]
[Round "8.4"]
[White "Rolletschek, Heinrich "]
[Black "Hoelzl, Franz"]
[Result "0-1"]
[WhiteElo "2300"]
[BlackElo "2410"]
[PlyCount "84"]
[EventDate "1998.08.15"]

1. e4 c5 2. Nf3 Nc6 3. c3 e6 4. d4 d5 5. exd5 exd5 6. Be2 cxd4 7. Nxd4 Bc5 8.
Be3 Bb6 9. O-O Nge7 10. Na3 O-O 11. Qd2 Bf5 12. Rad1 Be4 13. Nb3 Nf5 14. Bxb6
Qxb6 15. Kh1 Nfe7 16. Nb5 Rad8 17. N5d4 Rfe8 18. Rfe1 Nc8 19. Bf1 Nd6 20. f3
Bg6 21. Rxe8+ Rxe8 22. Re1 Rd8 23. Qe3 h6 24. Nb5 Qxe3 25. Rxe3 Nc4 26. Re1
Nxb2 27. N3d4 Nxd4 28. cxd4 a6 29. Nc3 b5 30. Re5 Rc8 31. Nxd5 Rc1 32. Kg1 f6
33. Re2 Bd3 34. Rf2 Nd1 35. Bxd3 Ne3+ 36. Rf1 Nxf1 37. Bxf1 Ra1 38. Nb4 a5 39.
Nc6 a4 40. d5 Kf8 41. Nb4 Rb1 42. a3 Rxb4 0-1

[Event "AUT98_M-ch"]
[Site "Werfen"]
[Date "1998.08.15"]
[Round "8.5"]
[White "Wach, Markus"]
[Black "Duer, Werner"]
[Result "1-0"]
[WhiteElo "2395"]
[BlackElo "2310"]
[PlyCount "45"]
[EventDate "1998.08.15"]

1. e4 c6 2. d4 d5 3. exd5 cxd5 4. c4 Nf6 5. Nc3 e6 6. Nf3 Bb4 7. cxd5 exd5 8.
Bd3 O-O 9. O-O Nc6 10. Bg5 Bxc3 11. bxc3 Bg4 12. Qb3 Na5 13. Bxf6 gxf6 14. Qc2
Bh5 15. Nh4 Bg6 16. f4 Bxd3 17. Qxd3 Kh8 18. Nf5 Qd7 19. Rf3 Rg8 20. Rh3 Rg6
21. Rxh7+ Kxh7 22. Qh3+ Kg8 23. Nh6+ 1-0

[Event "AUT98_M-ch"]
[Site "Werfen"]
[Date "1998.08.15"]
[Round "8.6"]
[White "Schneider-Zinner, Harald"]
[Black "Herndl, Harald "]
[Result "1/2-1/2"]
[WhiteElo "2300"]
[BlackElo "2375"]
[PlyCount "83"]
[EventDate "1998.08.15"]

1. d4 d5 2. Nf3 Nf6 3. c4 c6 4. g3 dxc4 5. Bg2 Nbd7 6. a4 g6 7. O-O Bg7 8. Nc3
O-O 9. e4 a5 10. Qe2 Nb6 11. Rd1 Bg4 12. h3 Bxf3 13. Bxf3 e6 14. Be3 Qc7 15.
Rab1 Rfe8 16. b3 cxb3 17. Rxb3 Nfd7 18. Rdb1 Bf8 19. d5 Bb4 20. Rxb4 axb4 21.
Rxb4 exd5 22. exd5 Qd6 23. Rd4 c5 24. Rh4 f5 25. Nb5 Qe5 26. d6 Qa1+ 27. Kg2
Rxa4 28. Rxa4 Qxa4 29. Nc7 Re5 30. Qd3 Qc4 31. Qa3 Qb4 32. Qa2+ c4 33. Bxb6
Nxb6 34. Qa7 Qxd6 35. Qb8+ Kf7 36. Qh8 c3 37. Qxh7+ Kf6 38. Qh8+ Ke7 39. Qe8+
Kf6 40. Qh8+ Kf7 41. Qh7+ Kf8 42. Qh8+ 1/2-1/2